Top 3 NBA 2K21 Current Players by College: Pac-12 - Statistics

General Stats
  • This quiz has been taken 21 times
  • The average score is 11 of 31
Answer Stats
College Player Rating % Correct
Arizona State James Harden 95
95%
UCLA Russell Westbrook 86
85%
Washington State Klay Thompson 89
75%
California Jaylen Brown 89
70%
UCLA Kevin Love 82
70%
USC DeMar DeRozan 87
60%
Colorado Derrick White 79
50%
USC Nikola Vučević 87
50%
UCLA Zach LaVine 88
50%
Arizona Aaron Gordon 80
45%
Stanford Brook Lopez 78
45%
Oregon Dillon Brooks 76
45%
Stanford Robin Lopez 76
45%
Arizona Deandre Ayton 84
40%
Washington Markelle Fultz 78
40%
Utah Jakob Poeltl 78
35%
Arizona Lauri Markkanen 83
30%
Washington Dejounte Murray 83
25%
Utah Kyle Kuzma 76
25%
Arizona State Luguentz Dort 76
20%
Oregon Payton Pritchard 75
20%
Colorado Alec Burks 77
15%
Utah Delon Wright 77
15%
Stanford Dwight Powell 75
15%
Colorado Spencer Dinwiddie 83
15%
Washington Terrence Ross 77
15%
USC De'Anthony Melton 77
10%
Oregon State Drew Eubanks 71
10%
Oregon Chris Boucher 80
5%
Washington State Aron Baynes 75
0%
Washington State Malachi Flynn 71
0%
No matching quizzes found
Score Distribution
Percent of People with Each Score
Percentile by Number Answered
Your Score History
You have not taken this quiz